000 00612nam a2200241Ia 4500
003 OSt
005 20220918181828.0
006 a|||||r|||| 00| 0
007 ta
008 220917b |||||||| |||| 00| 0 eng d
024 _a28,741
037 _cTextual
040 _aARTS
_cARTS
_beng
041 _2eng
_aeng
082 _aO111,3wM82, J9
100 _aGupta P C
_959314
245 0 _aEnglish novelists
260 _aAgra
_bRducational
_c1989
300 _a199p.
_ccm.
650 _aENGLISH LITERATURE
942 _hO111,3wM82, J9
_cTEXL
_2CC
999 _c166951
_d166951